| 000 | 00521nmm a2200169Ia 4500 | ||
|---|---|---|---|
| 008 | 251105s9999||||xx |||||||||||||||||und|| | ||
| 020 | _a9789681668464 | ||
| 041 | _aspa | ||
| 100 | _ade la Peña, Luis | ||
| 245 | 0 |
_aAlbert Einstein: navegante solitario : _b Navegante solitario |
|
| 264 |
_a[México D.C., Mexico] : _bFondo de Cultura Económica, _c2011 |
||
| 300 | _a119 páginas | ||
| 490 | _aLa Ciencia para Todos | ||
| 650 | _aSciences | ||
| 856 | _uhttps://public.digitaliapublishing.com/a/42940 | ||
| 942 | _cCF | ||
| 999 |
_c96940 _d96940 |
||